Mastering Auto CAD 2017 and Auto CAD LT 2017 (Record no. 9303)

MARC details
000 -LEADER
fixed length control field 00500nam a2200181Ia 4500
003 - CONTROL NUMBER IDENTIFIER
control field IN-BaIIA
008 - FIXED-LENGTH DATA ELEMENTS--GENERAL INFORMATION
fixed length control field 211028s9999 xx 000 0 eng d
020 ## - INTERNATIONAL STANDARD BOOK NUMBER
International Standard Book Number 978-81-265-6285-5
040 ## - CATALOGING SOURCE
Transcribing agency IIA Library
080 ## - UNIVERSAL DECIMAL CLASSIFICATION NUMBER
Universal Decimal Classification number 519.68
Item number OMU
100 ## - MAIN ENTRY--PERSONAL NAME
Personal name Omura, G.
9 (RLIN) 15656
245 #0 - TITLE STATEMENT
Title Mastering Auto CAD 2017 and Auto CAD LT 2017
Statement of responsibility, etc. G.Omura
260 ## - PUBLICATION, DISTRIBUTION, ETC.
Place of publication, distribution, etc. Indianapolis
Name of publisher, distributor, etc. John Wiley & Sons
Date of publication, distribution, etc. 2016
300 ## - PHYSICAL DESCRIPTION
Extent xxxiii, 1046p.
650 ## - SUBJECT ADDED ENTRY--TOPICAL TERM
Topical term or geographic name entry element Computer programs
9 (RLIN) 4148
650 ## - SUBJECT ADDED ENTRY--TOPICAL TERM
Topical term or geographic name entry element NASA Thesaurus
942 ## - ADDED ENTRY ELEMENTS (KOHA)
Koha item type Books
Holdings
Withdrawn status Lost status Damaged status Not for loan Home library Current library Shelving location Date acquired Cost, normal purchase price Total Checkouts Full call number Barcode Date last seen Cost, replacement price Price effective from Koha item type Purchase Price
        IIA Library-Bangalore IIA Library-Bangalore General Stacks   90.00   519.68/ OMU 10210 05/11/2021 90.00   Books Rs. 90

Powered by Koha